1482 1469 1366 1846 1043 1399 1573 1001 1881 1219 1782 1105 1034 1358 1931 1567 1684 1690 1907 1343 1857 1896 1699 1080 1914 1037 1325 1911 1374 1748 1704 1718 1351 1438 1942 1207 1524 1227 1000 1802 1607 1609 1982 1290 1788 1661 1352 1880 1786 1962 1098 1526 1272 1845 1060 1187 1485 1598 1316 1823 1927 1597 1863 1983 1794 1376 1113 1515 1655 1660 1004 1382 1645 1956 1870 1066 1261 1075 1139 1772 1002 1826 1049 1502 1699 1420 1009 1192 1783 1616 1926 1447 1345 1310 1580 1418 1229 1699 1584 BCNSPRNW ULIB Ver.6.0+V

เปลี่ยนเป็นภาษาไทย

Change to English
 แสดงรายละเอียดบรรณานุกรม
  กลับหน้าหลัก

Brief Record : Get Marc (ISO 2709) : E-mail record : QR code < ปิดหน้าต่าง
LEADER : 00000nam 2200000uu 4500
001    13399124054
003     ULIB
008    150106s2556||||th 000 0 tha d
020    ^a9789744226914
060 04 ^aWI750^bห459
110 1  ^aกรมการแพทย์.^bโรงพยาบาลราชวิถี.^bกลุ่มงานศัลยศาสตร์.^bงานศัลยศาสตร์ทั่วไป.^bศูนย์ส่องกล้องทางเดินอาหาร.
245 00 ^aหัตถการการส่องกล้องระบบทางเดินน้ำดีและตับอ่อน =^bPractical ERCP /^c[บรรณาธิการ] สุกิจ พันธุ์พิมานมาศ, ทวี รัตนชูเอก
246 31 ^aPractical ERCP
250    ^aพิมพ์ครั้งที่ 1
260    ^aกรุงเทพฯ :^bกรุงเทพเวชสาร,^c2556
300    ^aก-ง, 108 หน้า :^bภาพประกอบสี ;^c25 ซม.
650  2 ^aCholangiopancreatography, Endoscopic Retrograde
650  4 ^aทางเดินน้ำดี^xศัลยกรรมส่องกล้อง
650  4 ^aตับอ่อน^xศัลยกรรมส่องกล้อง
650  4 ^aการส่องกล้อง
650  4 ^aศัลยกรรมส่องกล้อง
700 0  ^aสุกิจ พันธุ์พิมานมาศ,^eบรรณาธิการ
700 0  ^aทวี รัตนชูเอก,^eบรรณาธิการ
945    ^p600^l0^i037974
945    ^p600^l0^i037975
945    ^p600^l0^i037976
945    ^p600^l0^i037977
945    ^p600^l0^i037978
945    ^p600^l0^i037979
945    ^p600^l0^i037980
945    ^p600^l0^i037981
999    ^aเกษร โพธิ์สุวรรณ
รายการนี้ยังไม่มีแท็ก
คุณยังไม่ได้ล็อกอิน คุณสามารถมีกิจกรรมร่วมกับเว็บไซต์ได้ แต่ต้องล็อกอินก่อน ::
  ล็อกอิน

รายการสื่อสารสนเทศ

ลำดับที่ ประเภท เลขเรียก/บาร์โค้ด สถานที่ สถานะ
1. วิทยาศาสตร์การแพทย์ และสุขภาพ
หนังสือสำรอง
สถานะ=หนังสือสำรอง
WI750 ห459 ฉ.1 
  Barcode: 037974
ห้องสมุดวิทยาเขตสวรรค์ประชารักษ์
►ส่วนจัดเก็บหนังสือเก่า สปร
บนชั้น
  ขอยืม
2. วิทยาศาสตร์การแพทย์ และสุขภาพ
วิทยาศาสตร์การแพทย์ และสุขภาพ
WI750 ห459 ฉ.2 
  Barcode: 037975
ห้องสมุดวิทยาเขตสวรรค์ประชารักษ์
►ส่วนจัดเก็บหนังสือเก่า สปร
บนชั้น
  ขอยืม
3. วิทยาศาสตร์การแพทย์ และสุขภาพ
วิทยาศาสตร์การแพทย์ และสุขภาพ
WI750 ห459 ฉ.3 
  Barcode: 037976
ห้องสมุดวิทยาเขตสวรรค์ประชารักษ์
►ส่วนจัดเก็บหนังสือเก่า สปร
บนชั้น
  ขอยืม
4. วิทยาศาสตร์การแพทย์ และสุขภาพ
วิทยาศาสตร์การแพทย์ และสุขภาพ
WI750 ห459 ฉ.4 
  Barcode: 037977
ห้องสมุดวิทยาเขตสวรรค์ประชารักษ์
►ส่วนจัดเก็บหนังสือเก่า สปร
บนชั้น
  ขอยืม
5. วิทยาศาสตร์การแพทย์ และสุขภาพ
วิทยาศาสตร์การแพทย์ และสุขภาพ
WI750 ห459 ฉ.5 
  Barcode: 037978
ห้องสมุดวิทยาเขตสวรรค์ประชารักษ์
►ส่วนจัดเก็บหนังสือเก่า สปร
บนชั้น
  ขอยืม
6. วิทยาศาสตร์การแพทย์ และสุขภาพ
วิทยาศาสตร์การแพทย์ และสุขภาพ
WI750 ห459 ฉ.6 
  Barcode: 037979
ห้องสมุดวิทยาเขตสวรรค์ประชารักษ์
►ส่วนจัดเก็บหนังสือเก่า สปร
บนชั้น
  ขอยืม
7. วิทยาศาสตร์การแพทย์ และสุขภาพ
วิทยาศาสตร์การแพทย์ และสุขภาพ
WI750 ห459 ฉ.7 
  Barcode: 037980
ห้องสมุดวิทยาเขตสวรรค์ประชารักษ์
►ส่วนจัดเก็บหนังสือเก่า สปร
บนชั้น
  ขอยืม
8. วิทยาศาสตร์การแพทย์ และสุขภาพ
วิทยาศาสตร์การแพทย์ และสุขภาพ
WI750 ห459 ฉ.8 
  Barcode: 037981
ห้องสมุดวิทยาเขตสวรรค์ประชารักษ์
►ส่วนจัดเก็บหนังสือเก่า สปร
บนชั้น
  ขอยืม

รายการใกล้เคียง
    หัวเรื่อง [Cholangiopancreatography, Endoscopic Retrograde]
    หัวเรื่อง [การส่องกล้อง]
    หัวเรื่อง [ศัลยกรรมส่องกล้อง]

BibComment


ยังไม่เคยถูกคอมเมนท์

คอมเมนท์ทรัพยากรรายการนี้
  คอมเมนท์: หัตถการการส่องกล..


 Copyright 2026. Bcnsprnw @Library